000
00194nam a2200085Ia 4500
008
120527s9999 xx 000 0 und d
100
_a
Tamarin, H.
245
_a
Principles of Genetics
942
_c
BK
999
_c
27281
_d
27281